| 000 | 00461ngm a22002050a 4500 | ||
|---|---|---|---|
| 001 | PT38739 | ||
| 003 | AR-LpoUNG | ||
| 005 | 20210202000531.0 | ||
| 007 | vd cvaizq | ||
| 008 | 191001s1998||||ag |||||||||||||||||spa d | ||
| 040 |
_aAR-LpoUNG _bspa _cAR-LpoUNG _eaacr |
||
| 041 | _aspa | ||
| 100 | 1 |
_aPerrone, Raúl _edir. |
|
| 245 | 1 | 0 | _a5 p' al peso |
| 260 |
_as.l. _bs.e. _c1998. |
||
| 300 | _aDVD/VHS | ||
| 651 | 4 | _aArgentina | |
| 905 | _a38739 | ||
| 942 | _cDVD | ||
| 999 |
_c55049 _d55049 |
||